| 000 | 00438nam a2200157Ia 4500 | ||
|---|---|---|---|
| 008 | 170224s9999 xx 000 0 und d | ||
| 100 | _aAlex Lambert | ||
| 245 | _aIntimacy and social capital on Facebook: Beyond the psychological perspective | ||
| 245 | _cAlex Lambert | ||
| 260 | _bNew Media & Society | ||
| 260 | _cDecember | ||
| 300 | _a18:11 | ||
| 500 | _aDecember | ||
| 650 | _xCommunication Arts | ||
| 650 | _xMultimedia Arts | ||
| 999 |
_c316225 _d316225 |
||